A gift of fire : (Record no. 17948)
[ view plain ]
| 000 -LEADER | |
|---|---|
| fixed length control field | 01101aam a2200313 a 4500 |
| 001 - CONTROL NUMBER | |
| control field | 016203559 |
| 003 - CONTROL NUMBER IDENTIFIER | |
| control field | OSt |
| 005 - DATE AND TIME OF LATEST TRANSACTION | |
| control field | 20201128021016.0 |
| 008 - FIXED-LENGTH DATA ELEMENTS--GENERAL INFORMATION | |
| fixed length control field | 121115t2013 xxu fr 001 0 eng d |
| 020 ## - INTERNATIONAL STANDARD BOOK NUMBER | |
| International Standard Book Number | 9780273768593 (pbk.) |
| 020 ## - INTERNATIONAL STANDARD BOOK NUMBER | |
| International Standard Book Number | 027376859X (pbk.) |
| 040 ## - CATALOGING SOURCE | |
| Original cataloging agency | UK-WkNB |
| Language of cataloging | eng |
| Transcribing agency | UK-WkNB |
| Modifying agency | StEdNL |
| -- | Uk |
| 082 04 - DEWEY DECIMAL CLASSIFICATION NUMBER | |
| Classification number | 303.4834 |
| Edition number | 22 |
| Item number | BAA |
| 100 1# - MAIN ENTRY--PERSONAL NAME | |
| Personal name | Baase, Sara. |
| 9 (RLIN) | 1052 |
| 245 12 - TITLE STATEMENT | |
| Title | A gift of fire : |
| Remainder of title | social, legal, and ethical issues for computing technology / |
| Statement of responsibility, etc | Sara Baase. |
| 250 ## - EDITION STATEMENT | |
| Edition statement | 4th ed., International ed. / |
| Remainder of edition statement | contributions by Atriya Sen. |
| 260 ## - PUBLICATION, DISTRIBUTION, ETC. (IMPRINT) | |
| Place of publication, distribution, etc | Boston, United States : |
| Name of publisher, distributor, etc | Pearson, |
| Date of publication, distribution, etc | c.2013 |
| Manufacturer | (Courier Westford) |
| 300 ## - PHYSICAL DESCRIPTION | |
| Extent | 494 p. ; |
| Dimensions | 23cm. |
| 500 ## - GENERAL NOTE | |
| General note | Index : p. 473-494. |
| 500 ## - GENERAL NOTE | |
| General note | Appendix : p. 457-472.<br/> |
| 650 #0 - SUBJECT ADDED ENTRY--TOPICAL TERM | |
| Topical term or geographic name as entry element | Computers |
| General subdivision | Social aspects. |
| 9 (RLIN) | 1054 |
| 650 #0 - SUBJECT ADDED ENTRY--TOPICAL TERM | |
| Topical term or geographic name as entry element | Computers |
| General subdivision | Moral and ethical aspects. |
| 9 (RLIN) | 4278 |
| 650 #0 - SUBJECT ADDED ENTRY--TOPICAL TERM | |
| Topical term or geographic name as entry element | Internet |
| General subdivision | Social aspects. |
| 9 (RLIN) | 1056 |
| 650 #0 - SUBJECT ADDED ENTRY--TOPICAL TERM | |
| Topical term or geographic name as entry element | Internet |
| General subdivision | Moral and ethical aspects. |
| 9 (RLIN) | 1057 |
| 653 ## - INDEX TERM--UNCONTROLLED | |
| Resource For college | |
| Arrived date list | January2014 |
| 655 ## - INDEX TERM--GENRE/FORM | |
| Form subdivision | |
| -- | 33728 |
| 700 1# - ADDED ENTRY--PERSONAL NAME | |
| Personal name | Sen, Atriya |
| 9 (RLIN) | 34900 |
| Relator term | editor series. |
| 942 ## - ADDED ENTRY ELEMENTS (KOHA) | |
| Source of classification or shelving scheme | Dewey Decimal Classification |
| Call number prefix | 303.4834 BAA |
| Withdrawn status | Item status | Source of classification or shelving scheme | Damaged status | Not for loan | Vendor | Home library | Current library | Shelving location | Date acquired | Source of acquisition | Total Checkouts | Full call number | Barcode | Date last seen | Koha item type | Total Renewals | Date last borrowed |
|---|---|---|---|---|---|---|---|---|---|---|---|---|---|---|---|---|---|
| Dewey Decimal Classification | Baccah | Central Library | Central Library | First floor | 22/01/2014 | 303.4834 BAA | 000035399 | 15/07/2025 | NB - Book (Non borrowing) | ||||||||
| Dewey Decimal Classification | Baccah | Central Library | Central Library | First floor | 22/01/2014 | 5 | 303.4834 BAA | 000035400 | 15/07/2025 | Book - Borrowing | 14 | 13/03/2018 | |||||
| Dewey Decimal Classification | Baccah | Central Library | Central Library | First floor | 22/01/2014 | 4 | 303.4834 BAA | 000035401 | 15/07/2025 | Book - Borrowing | 47 | 14/02/2019 |